The crash and rebound of Canary Wharf (Record no. 70777)
[ view plain ]
| 000 -LEADER | |
|---|---|
| fixed length control field | 01337cam a2200265 4500 |
| 001 - CONTROL NUMBER | |
| control field | ABS65708 |
| 008 - FIXED-LENGTH DATA ELEMENTS--GENERAL INFORMATION | |
| fixed length control field | 020719n2002 000 0 eng u |
| 035 ## - SYSTEM CONTROL NUMBER | |
| System control number | (Sirsi) u118918 |
| 100 ## - MAIN ENTRY--PERSONAL NAME | |
| Personal name | Gordon, D |
| 245 #4 - TITLE STATEMENT | |
| Title | The crash and rebound of Canary Wharf |
| 260 ## - PUBLICATION, DISTRIBUTION, ETC. | |
| Date of publication, distribution, etc. | 2002 |
| 490 ## - SERIES STATEMENT | |
| Series statement | Wharton Real Estate Review |
| Volume/sequential designation | 1(1) Spring 2002, 75-85(6) |
| 520 ## - SUMMARY, ETC. | |
| Summary, etc. | Charts the progress of Canary Wharf, Britain's largest office project incorporating 13m sq ft of development on an 80-acre site. Looks at the different phases of development and the involvement of Olympia and York Developments, the London Docklands Development Corporation (LDDC). In particular discusses the recession, competition the City Corporation, transportation problems involving the Docklands Light Railway (DLR), the difficulty of attracting British tenants, the recovery of Canary Wharf post 1995, the creation of Canary Wharf PLC and its financial strucutre, and winners and losers of the development. |
| 590 ## - LOCAL NOTE (RLIN) | |
| Local note | ABS |
| 650 ## - SUBJECT ADDED ENTRY--TOPICAL TERM | |
| Topical term or geographic name entry element | CANARY WHARF |
| 650 ## - SUBJECT ADDED ENTRY--TOPICAL TERM | |
| Topical term or geographic name entry element | RECESSION |
| 650 ## - SUBJECT ADDED ENTRY--TOPICAL TERM | |
| Topical term or geographic name entry element | TENANTS |
| 650 ## - SUBJECT ADDED ENTRY--TOPICAL TERM | |
| Topical term or geographic name entry element | TRANSPORTATION |
| 650 ## - SUBJECT ADDED ENTRY--TOPICAL TERM | |
| Topical term or geographic name entry element | DOCKLANDS LIGHT RAILWAY |
| 650 ## - SUBJECT ADDED ENTRY--TOPICAL TERM | |
| Topical term or geographic name entry element | OLYMPIA AND YORK DEVELOPMENTS |
| 650 ## - SUBJECT ADDED ENTRY--TOPICAL TERM | |
| Topical term or geographic name entry element | OFFICE DEVELOPMENT |
| 650 ## - SUBJECT ADDED ENTRY--TOPICAL TERM | |
| Topical term or geographic name entry element | LONDON DOCKLANDS DEVELOPMENT CORPORATION |
| 690 ## - LOCAL SUBJECT ADDED ENTRY--TOPICAL TERM (OCLC, RLIN) | |
| Topical term or geographic name as entry element | PROPERTY-PROPERTY DEVELOPMENT |
| 942 ## - ADDED ENTRY ELEMENTS (KOHA) | |
| Suppress in OPAC | 0 |
| Withdrawn status | Lost status | Source of classification or shelving scheme | Damaged status | Not for loan | Home library | Current library | Shelving location | Date acquired | Total Checkouts | Full call number | Barcode | Date last seen | Copy number | Price effective from | Koha item type |
|---|---|---|---|---|---|---|---|---|---|---|---|---|---|---|---|
| Dewey Decimal Classification | London | London | Journal article | 19/07/2002 | ABS65708 | 118918-1001 | 06/08/2019 | 1 | 06/08/2019 | Journal article |